000 00242nam a2200097Ia 4500
001 681201
005 20250826161355.0
008 250824s9999 xx 000 0 und d
245 0 _aBAŞARI ÖYKÜLERİ
_cNEJLA SAKARYA
260 _bÇOCUK GEZEGENİ
999 _c681201
_d681201